82 Babynamen der Woche 05/26 - Statistiken

Allgemein
  • Dieses Quiz wurde 4 mal gespielt
  • Das Durchschnittsergebnis liegt bei 31 aus 82
Antwortstatistiken
📍 Vorname % Korrekt
C.s.m.r ♂️ Casimir
100%
I.i.a ♀️ Irina
100%
J.n ♂️ Jan
100%
Je.s ♂️ Jens
100%
J.n.t..n ♂️ Jonathan
100%
J.d..h ♀️ Judith
100%
L.a.d.r ♂️ Leander
100%
Le.i ♂️ Levi | Lewi
100%
Al..a.d.r ♂️ Alexander
75%
Al.a ♀️ Alma
75%
B.n.e.t ♂️ Bennett
75%
Em.l.a.a ♀️ Emiliana
75%
Ha.l.y ♀️ Hailey
75%
H.i.r..h ♂️ Heinrich
75%
L.k.s ♂️ Lukas
75%
M.t..o ♂️ Matteo
75%
M.k.y ♂️♀️ Mikky | Mikey
75%
N.k ♂️ Nik
75%
No.h ♂️ Noah
75%
R.h.l ♀️ Rahel
75%
R.s.m.r.e ♀️ Rosemarie
75%
W.l.g..g ♂️ Wolfgang
75%
A.m.d ♂️ Ahmed
50%
C.r.a ♀️ Carla
50%
C.r.o ♂️ Carlo
50%
En.s ♂️ Enes
50%
F.n.a ♀️ Fenja
50%
J.l.e ♀️ Jolie
50%
Kn.x ♂️ Knox
50%
K.i.t.n ♀️ Kristin
50%
L.v..n ♂️ Levian
50%
L.a..a ♀️ Lianna
50%
M.g..e ♀️ Maggie
50%
M.r.o ♂️ Marco
50%
Me.l.n ♂️ Merlin
50%
Re.n.r ♂️ Reiner
50%
Se.n ♂️ Sean
50%
Th.o ♂️ Theo
50%
Ys.b.l.e ♀️ Ysabelle
50%
A.a.a ♀️ Amara
25%
A.r.l.a ♀️ Aurelia
25%
A.r.l.o ♂️ Aurelio
25%
B.o..l.n ♂️ Brooklyn
25%
El.j..o ♂️ Elijano
25%
F.i.a ♀️ Frida
25%
Ge.m..n ♂️ Germain
25%
Je.n.e ♀️ Jeanne
25%
K.a.o ♂️ Kiano
25%
M.v.e ♀️ Mavie
25%
M.y.i ♀️ Mayli
25%
N.i.a ♀️ Naima
25%
Si.n.y ♂️ Sidney
25%
W.l..b..t ♂️ Willibert
25%
Am.n..a ♀️ Aminata
0%
Ar.s ♂️ Aras
0%
A.i.a ♀️ Arika
0%
A.i.a ♀️ Asiya
0%
Da.l.n ♂️ Daelyn
0%
E.o.a ♀️ Elora
0%
E.i.a ♀️ Evina
0%
F.u.t..a ♀️ Faustina
0%
Fl.r..t ♂️ Florent
0%
H.r.k..s ♂️ Herakles
0%
In.a ♀️ Insa
0%
J.w.d ♂️ Jawad
0%
J.b..l ♂️ Jibril
0%
K.j.t.n ♂️ Kajetan
0%
K.n.a ♀️ Kenza
0%
Kr.s.a ♀️ Krisia
0%
L.y.e ♂️ Layne
0%
L.d..n ♂️ Ledion
0%
Lu.n ♂️ Luan
0%
M.h.i ♀️ Mahdi
0%
M.j.l.e ♀️ Majolie
0%
Me.v.n ♂️ Mervin
0%
Mi.a ♀️ Mira
0%
Mo.n ♀️ Moon
0%
P.e.a ♀️ Poema
0%
R.n.s ♂️ Renas
0%
Ro.i ♂️ Rodi
0%
T.p.c ♂️ Tupac
0%
Z.n.n ♂️ Zenon
0%
Keine übereinstimmenden Quizze gefunden
Verteilung der Resultate
Anzahl Personen mit jedem Resultat
Perzentil nach korrekt beantworteten Fragen
Ihre Resultats-Entwicklung
Sie haben dieses Quiz noch nicht gespielt